Salud y prevención : nuevas aportaciones desde la evaluación psicológica /

Selección de las contribuciones más representativas presentadas en los segundos Encuentros Internacionales de Investigadores en Salud y Prevención en la Sociedad del Bienestar, promovidos desde la Universidad de Santiago de Compostela. La compilación ha sido estructurada en seis grandes núcleos temá...

Mô tả đầy đủ

Đã lưu trong:
Chi tiết về thư mục
Tác giả của công ty: Encuentros Internacionales de Investigadores en Salud y Prevención en la Sociedad de Bienestar ( Universidad de Santiago de Compostela)
Tác giả khác: Gómez Fernández, Domingo E. (edición) (edición), Saburido Novoa, Xosé L. (edición) (edición)
Định dạng: Hội nghị đang tiến hành Sách
Ngôn ngữ:Tiếng Tây Ban Nha
Được phát hành: Santiago de Compostela, España : Universidad de Santiago de Compostela, 1996, c1996
Loạt:(Cursos y Congresos de la Universidad de Santiago de Compostela ; 93)
Những chủ đề:
Các nhãn: Thêm thẻ
Không có thẻ, Là người đầu tiên thẻ bản ghi này!

MARC

LEADER 00000nam^a2200000^a^4500
001 000120249
005 20250521000000.0
009 20260310094344.698
020 |a 84-8121-395-0 
037 |a Acervo ITESO - Biblioteca 
041 |a ESP 
082 |a 613.  |b ENC 1996 
111 |a Encuentros Internacionales de Investigadores en Salud y Prevención en la Sociedad de Bienestar (  |n 2o :  |d 1996 :  |c Universidad de Santiago de Compostela) 
245 1 0 |a Salud y prevención :  |b nuevas aportaciones desde la evaluación psicológica /  |c Ed. de D.E. Gómez Fernández, X.L. Saburido Novoa ; presen. de D.E. Gómez Fernández. 
264 4 |a Santiago de Compostela, España :  |b Universidad de Santiago de Compostela,  |c 1996, c1996 
300 |a 776 p. 
336 |a texto  |b txt  |2 rdacontenido 
337 |a sin mediación  |b n  |2 rdamedio 
338 |a volumen  |b nc  |2 rdasoporte 
440 1 |a (Cursos y Congresos de la Universidad de Santiago de Compostela ;  |v 93) 
520 |a Selección de las contribuciones más representativas presentadas en los segundos Encuentros Internacionales de Investigadores en Salud y Prevención en la Sociedad del Bienestar, promovidos desde la Universidad de Santiago de Compostela. La compilación ha sido estructurada en seis grandes núcleos temáticos: evaluación en psicología de la salud; evaluación de las características psicopatológicas; evaluación de las características de la personalidad; evaluación y consejo psicológico en orientación profesional; evaluación del lenguaje y diseño y adaptación de nuevos instrumentos de evaluación. 
649 |a XX 
650 |a Salud -  |x Congresos 
650 |a Salud -  |x Prevención 
650 |a Evaluación Psicológica 
650 |a Orientación Vocacional 
650 |a Personalidad 
650 |a Psicopatología 
650 |a Psicología Clínica 
650 |a Psicología de la Salud 
650 |a Lenguaje y Pensamiento 
650 |a Psicolingüística 
650 |a Metodología 
700 |a Gómez Fernández, Domingo E.  |e (edición) 
700 |a Saburido Novoa, Xosé L.  |e (edición) 
910 |a Fondo General 
920 |a Impresos - Libros 
930 |a Colección General 
905 |a 101 
901 |a 0500054844  |b IT1  |c ACC  |u 20250521 
902 |a https://opac.biblio.iteso.mx/vufind/Record/000120249